000 01071nam a22002177a 4500
003 TH-BaNU
005 20230403104911.0
008 230403b2022 TH ||||| |||| 00| 0 tha d
020 _a 5522840176295
040 _aTH-BaNU
100 _a มัชฌิมา
245 _aไม่ถูกตัดขาเพราะหมอยาพื้นบ้าน
260 _aกรุงเทพฯ:
_bซีเอ็ดยูเคชั่น:
_c2565
300 _a20 หน้า
520 _aเรื่องราวของหญิงสาวที่เคยถูกงูกะปะกัดแต่ก็รอดพ้นจากการถูกตัดขาทิ้งเพราะได้รับการรักษาจากหมอพื้นบ้าน อำเภอสะเดา จังหวัดสงขลา
650 _aสุขภาพ--ความงาม
850 _aKCNL
856 _uhttps://se-ed.belibcloud.com/book-detail/18476
_yse-ed e-library
942 _2local
_cEBK
998 _cbee
999 _c37586
_d37586